Gestão estratégica de cidades e regiões (Registo nº 202819)

Detalhes MARC
000 -Etiqueta do registo
Valores 00750nam 22002173 4500
010 ## - Número ISBN
ISBN 978-972-31-1554-3
021 ## - Número do Depósito Legal
Código do país Portugal
Número 390112/15
100 ## - Dados gerais de processamento
Dados gerais 20260701d u||y0pory50 ba
200 ## - Titulo e menção de responsabilidade
Título próprio Gestão estratégica de cidades e regiões
Primeira menção de responsabilidade António Fonseca Ferreira
205 ## - Menção da edição
Edição 3ª revista e atualizada
210 ## - Publicação
Local de publicação [Lisboa]
Nome do editor Fundação Calouste Gulbenkian
Data de publicação 2015
215 ## - Descrição física 
Paginação / Volumes 375 p.
Outras indicações físicas il. ; brochado
Dimensões 25 cm
225 ## - Colecção 
Título próprio da colecção Manuais universitários
606 ## - Nome comum usado como assunto
ID Autoridade 5251
Palavra de ordem Planeamento Territorial, fisico. Planeamento regional, urbano, e rural. Paisagens, Parques, jardins
675 ## - CDU
Notação 71
Edição PT
Língua por
700 ## - Autor principal (pessoa individual)
ID Autoridade 17674
Apelido Ferreira
Nome António Fonseca
Datas 1943-2019
801 ## - Fonte de origem
País PT
Agência BMMN
Regras de catalogação RPC
830 ## - Notas gerais do catalogador
Criado por Vanda
990 ## - Elementos KOHA
Tipo de documento Livro
Exemplares
Situação do levantamento Biblioteca de origem Código de barras Cota Permissão de empréstimo Tipo de documento Forma de aquisição
  Biblioteca Municipal de Montemor-o-Novo 32339 71 FER|DEP   Livro Oferta

Powered by Koha